[Event "European Youth Chess Championship B14"]
[Site "Prague, Top Hotel Prague"]
[Date "2012.08.21"]
[Round "5.62"]
[White "Sorin, Ilya"]
[Black "Jablonicky, Martin"]
[Result "0-1"]
[WhiteElo "1575"]
[BlackElo "1858"]
[PlyCount "72"]
[EventDate "2012.08.17"]

1. e4 c5 2. Nf3 e6 3. d4 cxd4 4. Nxd4 a6 5. c4 Nf6 6. Nc3 Bb4 7. f3 O-O 8. Be3
Qc7 9. Rc1 d5 10. cxd5 exd5 11. a3 Bxc3+ 12. Rxc3 Qe7 13. Bg5 dxe4 14. Re3 Qd6
15. Bxf6 Qxf6 16. Rxe4 Rd8 17. Bd3 Nc6 18. Nxc6 bxc6 19. g4 Be6 20. Rb4 a5 21.
Re4 Qxb2 22. Re3 c5 23. Qe2 Qc1+ 24. Kf2 Qxh1 25. Kg3 Qg1+ 26. Kh3 h5 27. Rxe6
hxg4+ 28. fxg4 Rxd3+ 29. Qxd3 fxe6 30. Qe4 Qf1+ 31. Kg3 Rf8 32. Qxe6+ Qf7 33.
Qe3 Rb8 34. Qe4 Rb3+ 35. Kh4 Qf2+ 36. Kh5 Rh3+ 0-1

[Event "European Youth Chess Championship B14"]
[Site "Prague, Top Hotel Prague"]
[Date "2012.08.21"]
[Round "5.64"]
[White "Radulescu, Vlad-Alexandru"]
[Black "Liebert, Erwin"]
[Result "1-0"]
[WhiteElo "1830"]
[BlackElo "1566"]
[PlyCount "67"]
[EventDate "2012.08.17"]

1. e4 e5 2. Nf3 Nc6 3. Bb5 a6 4. Ba4 Nf6 5. O-O Nxe4 6. Re1 Nc5 7. Bxc6 dxc6 8.
Nxe5 Be7 9. d4 Nd7 10. Nxd7 Bxd7 11. Bg5 Be6 12. Bxe7 Qxe7 13. c4 O-O-O 14. Qd3
Qb4 15. Rc1 Rhe8 16. b3 Qd6 17. Rd1 c5 18. d5 c6 19. Nc3 cxd5 20. cxd5 Qe5 21.
Qc4 Bf5 22. b4 Kb8 23. bxc5 Rc8 24. Rac1 Rc7 25. a3 Rec8 26. Na4 b5 27. Qb4 Ka7
28. Nb6 Rd8 29. a4 bxa4 30. Qxa4 Bd7 31. Nxd7 Rdxd7 32. Ra1 Qe2 33. Re1 Qd3 34.
d6 1-0

[Event "European Youth Chess Championship B14"]
[Site "Prague, Top Hotel Prague"]
[Date "2012.08.21"]
[Round "5.67"]
[White "Kula, Dominik"]
[Black "Bares, Jachym"]
[Result "1-0"]
[WhiteElo "1794"]
[BlackElo "1684"]
[PlyCount "39"]
[EventDate "2012.08.17"]

1. e4 e5 2. Nf3 Nc6 3. Bb5 f5 4. Nc3 fxe4 5. Nxe4 Nf6 6. Qe2 d5 7. Nxe5 Nxe4 8.
Nxc6 Qd6 9. Nxa7+ Kd8 10. Nxc8 Kxc8 11. O-O Kb8 12. d3 Nf6 13. d4 Be7 14. Re1
Bd8 15. Qe5 Qb6 16. a4 Ka7 17. Bd2 c6 18. Bb4 Qc7 19. Bc5+ b6 20. Bd6 1-0

[Event "European Youth Chess Championship B14"]
[Site "Prague, Top Hotel Prague"]
[Date "2012.08.21"]
[Round "5.68"]
[White "Inan, Canberk"]
[Black "Suleymanli, Ramazan"]
[Result "1-0"]
[WhiteElo "1673"]
[BlackElo "1750"]
[PlyCount "97"]
[EventDate "2012.08.17"]

1. e4 e6 2. d4 d5 3. Nd2 c5 4. exd5 exd5 5. Ngf3 Nc6 6. Bb5 Bd6 7. dxc5 Bxc5 8.
c3 Nge7 9. O-O O-O 10. Nb3 Bd6 11. Bg5 Qc7 12. Bd3 Bg4 13. Bxe7 Bxe7 14. Be2
Rad8 15. h3 Bh5 16. Nbd4 Bg6 17. Bd3 Bf6 18. Bxg6 hxg6 19. Qd2 Rfe8 20. Rfe1
Re4 21. Re2 Qb6 22. Nxc6 Rxe2 23. Qxe2 bxc6 24. g4 g5 25. h4 g6 26. hxg5 Bg7
27. Rc1 a5 28. Kg2 Rb8 29. Qd2 Qb5 30. Nd4 Qb6 31. f4 c5 32. Nf3 Qe6 33. Kg3 a4
34. Re1 Qd6 35. Ne5 a3 36. b3 d4 37. Nf3 dxc3 38. Re8+ Rxe8 39. Qxd6 Re2 40.
Qxc5 Rxa2 41. f5 c2 42. f6 Bf8 43. Qc4 Bd6+ 44. Kh3 c1=Q 45. Qxc1 Rf2 46. Qc8+
Kh7 47. Qe8 Rxf3+ 48. Kg2 Rxf6 49. gxf6 1-0